Central Library OPAC University of Rajshahi

প্রাচীন বাঙলার রাষ্ট্র ও প্রশাসন / (Record no. 36611)

MARC details
000 -LEADER
fixed length control field 01176nam a2200265 a 4500
001 - CONTROL NUMBER
control field 36611
003 - CONTROL NUMBER IDENTIFIER
rucl marc code BD-RjUL
005 - DATE AND TIME OF LATEST TRANSACTION
control field 20211209052517.0
008 - FIXED-LENGTH DATA ELEMENTS--GENERAL INFORMATION
fixed length control field 160424s2012 bg ||||| b||| 000 0 ben d
020 ## - INTERNATIONAL STANDARD BOOK NUMBER
International Standard Book Number 9840750224
Terms of availability : Tk. 130.00
035 ## - SYSTEM CONTROL NUMBER
System control number (BD-RjUL) 36712
040 ## - CATALOGING SOURCE
Original cataloging agency BD-RjUL
Language of cataloging ben
Transcribing agency BD-RjUL
041 ## - LANGUAGE CODE
Language code of text/sound track or separate title ben
082 ## - DEWEY DECIMAL CLASSIFICATION NUMBER
Edition number 21
Classification number 954.035213
Author mark and year HOP 2012
100 ## - MAIN ENTRY--PERSONAL NAME
Personal name হোসেন, মোহাম্মদ জাহাঙ্গীর
9 (RLIN) 111591
245 10 - TITLE STATEMENT
Title প্রাচীন বাঙলার রাষ্ট্র ও প্রশাসন /
Statement of responsibility, etc. মোহাম্মদ জাহাঙ্গীর হোসেন
260 ## - PUBLICATION, DISTRIBUTION, ETC. (IMPRINT)
Place of publication, distribution, etc. ঢাকা :
Name of publisher, distributor, etc. বাংলা একাডেমী,
Date of publication, distribution, etc. ২০১২
300 ## - PHYSICAL DESCRIPTION
Pagination [১২], ১৯৮ পৃ. :
Illustrations চিত্র ;
Size ২২ সেমি.
490 ## - SERIES STATEMENT
Series statement বাএ ;
Volume/sequential designation ৫০০৪
504 ## - BIBLIOGRAPHY, ETC. NOTE
Bibliography, etc গ্রন্থপঞ্জি সম্বলিত
650 ## - SUBJECT ADDED ENTRY--TOPICAL TERM
Topical term or geographic name as entry element রাষ্ট্র ও প্রশাসন
Geographic subdivision বাংলাদেশ (প্রাচীন)
9 (RLIN) 111592
Topical term or geographic name as entry element State and Administration
Geographic subdivision Bangladesh (Ancient)
9 (RLIN) 111593
830 ## - SERIES ADDED ENTRY--UNIFORM TITLE
Uniform title বাএ ;
Volume number/sequential designation ৫০০৪
942 ## - ADDED ENTRY ELEMENTS (KOHA)
Source of classification or shelving scheme Dewey Decimal Classification
Koha item type Books
Holdings
Lost status Source of classification or shelving scheme Damaged status Not for loan Collection code Permanent Location Current Location Shelving location Date acquired Source of acquisition Cost, normal purchase price Total Checkouts Full call number Date last seen Copy number Koha item type Total Renewals Date checked out
  Dewey Decimal Classification   Not For Loan Non-fiction Central Library, University of Rajshahi Central Library, University of Rajshahi Reading Room 23/06/2013 Bangla Academy, Dhaka 130.00   B 954.035213 HOP 2012 03/08/2014 C-1 Books    
  Dewey Decimal Classification     Non-fiction Central Library, University of Rajshahi Central Library, University of Rajshahi   23/06/2013 Bangla Academy, Dhaka 130.00   B 954.035213 HOP 2012 03/08/2014 C-2 Books    
  Dewey Decimal Classification     Non-fiction Central Library, University of Rajshahi Central Library, University of Rajshahi   23/06/2013 Bangla Academy, Dhaka 130.00   B 954.035213 HOP 2012 03/08/2014 C-3 Books    
  Dewey Decimal Classification     Non-fiction Central Library, University of Rajshahi Central Library, University of Rajshahi   13/01/2016 Biddasagor, Rajshahi 130.00 3 B 954.035213 HOP 2012 15/12/2021 C-4 Books   15/12/2021
  Dewey Decimal Classification     Non-fiction Central Library, University of Rajshahi Central Library, University of Rajshahi   13/01/2016 Biddasagor, Rajshahi 130.00 2 B 954.035213 HOP 2012 08/03/2018 C-5 Books   15/02/2018
  Dewey Decimal Classification     Non-fiction Central Library, University of Rajshahi Central Library, University of Rajshahi   13/01/2016 Biddasagor, Rajshahi 130.00 2 B 954.035213 HOP 2012 19/02/2018 C-6 Books   07/02/2018